01240nab a22002177a 4500999001500000003000400015005001700019008004100036040000700077100003200084245013300116260007300249300001300322500003600335505034200371505008100713650002300794650003800817773015400855942001301009 c6453d6453OSt20260205093636.0190429b xxu||||| |||| 00| 0 spa d cPJ aFalcone, Roberto (h.)9406713aLa posesión como hecho punible : bfisonomía de la adscripción de un estado de cosas institucional /cRoberto Falcone (H). cCiudad Autónoma de Buenos Aires :aThomson Reuters La Ley, b2024. ap. 13-35 aCita: TR LALEY AR/DOC/162/2024. aSumario: I. Las normas de comportamiento como razones para la acción.— II. El silogismo práctico.— III. Las normas silogísticamente opacas.— IV. Algunas críticas y justificaciones a la regulación de delitos de posesión.— V. Una (propia) posición legitimatoria.— VI. Hacia una democratización del derecho penal.  tSi te interesa el texto completo, solicitalo a koha@justierradelfuego.gov.ar 09343aDERECHO PENAL 092882aTENENCIA DE ESTUPEFACIENTES0 0265893164tRevista de derecho penal y criminología. Nº 4 - Mayo 2024dCiudad Autónoma de Buenos Aires : Thomson Reuters La Ley, 2017-x00347914 2udccANA